[Event "XII C.to Italiano U20"]
[Site "Bratto - Castione della Presolana ITA"]
[Date "2004.08.20"]
[Round "1"]
[White "Chinello, Gianmarco"]
[Black "Campanella, Giovanni"]
[Result "1-0"]
[WhiteElo "2100"]
[BlackElo "1694"]
[PlyCount "111"]
[EventDate "2004.08.20"]

1. e4 e6 2. d4 d5 3. exd5 exd5 4. Bd3 Bd6 5. Nf3 Ne7 6. Nc3 c6 7. Be3 O-O 8.
Qd2 Bf5 9. O-O Nd7 10. Ne2 Qc7 11. Ng3 Bxd3 12. Qxd3 Nf6 13. Rae1 Ng6 14. Nf5
Bb4 15. c3 Ba5 16. a4 a6 17. Ne5 Bb6 18. Re2 Rae8 19. Nxg6 fxg6 20. Ng3 Ba7 21.
Rfe1 Bb8 22. Nf1 Re4 23. g3 Qf7 24. Nd2 Ree8 25. Bg5 Ng4 26. f3 Rxe2 27. Qxe2
Nf6 28. Bxf6 gxf6 29. Nb3 Bd6 30. Qe6 Rd8 31. Na5 Qxe6 32. Rxe6 Kf7 33. Nxb7
Kxe6 34. Nxd8+ Kd7 35. Nb7 Be7 36. Kf2 Ke6 37. g4 f5 38. h3 Bg5 39. Nc5+ Kd6
40. Ke2 fxg4 41. fxg4 h5 42. gxh5 gxh5 43. Nxa6 Bc1 44. b4 Kd7 45. Nc5+ Kc7 46.
Nd3 Bg5 47. Ne5 Kb6 48. Kd3 Be7 49. Nd7+ Kc7 50. Nc5 Kb6 51. c4 dxc4+ 52. Kxc4
Bd6 53. Kd3 Be7 54. Ke4 Bd6 55. Kf5 Be7 56. Ke6 1-0

[Event "XII C.to Italiano U20"]
[Site "Bratto - Castione della Presolana ITA"]
[Date "2004.08.20"]
[Round "1"]
[White "Di Caro, Calogero"]
[Black "Lampl, Gerald"]
[Result "1-0"]
[WhiteElo "2322"]
[BlackElo "1841"]
[PlyCount "46"]
[EventDate "2004.08.20"]

1. Nf3 d5 2. d4 Nf6 3. c4 e6 4. Nc3 Be7 5. Bf4 O-O 6. e3 c6 7. Qc2 Nbd7 8. Rd1
a6 9. a4 dxc4 10. Bxc4 Nd5 11. Bg3 Qa5 12. O-O Nb4 13. Qb3 Nf6 14. Ne5 Rd8 15.
Be2 Bd7 16. Nc4 Qg5 17. a5 c5 18. Bf4 Qf5 19. Bc7 Re8 20. Nb6 cxd4 21. Rxd4
Nbd5 22. Nxa8 Rxa8 23. Nxd5 exd5 1-0

[Event "XII C.to Italiano U20"]
[Site "Bratto - Castione della Presolana ITA"]
[Date "2004.08.20"]
[Round "1"]
[White "Drezzadore, Dario"]
[Black "Lettieri, Giuseppe"]
[Result "0-1"]
[WhiteElo "1730"]
[BlackElo "2144"]
[PlyCount "86"]
[EventDate "2004.08.20"]

1. e4 c5 2. Nf3 d6 3. d4 cxd4 4. Nxd4 Nf6 5. Nc3 g6 6. Be3 Bg7 7. Be2 O-O 8.
O-O Nc6 9. f4 Bd7 10. Kh1 a6 11. f5 b5 12. g4 b4 13. Nd5 e6 14. Nxf6+ Bxf6 15.
Qd2 Re8 16. g5 Nxd4 17. gxf6 Nxe2 18. fxg6 hxg6 19. Qxe2 Qa5 20. Qg4 Bc6 21.
Qh4 Qh5 22. Qxh5 gxh5 23. Rf4 Kh7 24. Rh4 Kg6 25. Rf4 Rg8 26. h3 e5 27. Rg1+
Kh7 28. Rf2 Bxe4+ 29. Kh2 Rxg1 30. Kxg1 Rc8 31. Rd2 d5 32. h4 Kg6 33. Bg5 Rxc2
34. Rxc2 Bxc2 35. Kf2 Kf5 36. Ke3 d4+ 37. Kd2 Bb1 38. a3 bxa3 39. bxa3 e4 40.
Ke1 Ba2 41. Kd2 Bc4 42. Ke1 e3 43. Kd1 Ke4 0-1

[Event "XII C.to Italiano U20"]
[Site "Bratto - Castione della Presolana ITA"]
[Date "2004.08.20"]
[Round "1"]
[White "Ferrarese, Giacomo"]
[Black "Buono, Michele"]
[Result "0-1"]
[WhiteElo "1688"]
[BlackElo "2098"]
[PlyCount "110"]
[EventDate "2004.08.20"]

1. c4 c6 2. Nc3 d5 3. e3 Nf6 4. d4 Bg4 5. Be2 Bxe2 6. Qxe2 e6 7. c5 b6 8. b4 a5
9. Na4 Nfd7 10. Nxb6 Nxb6 11. cxb6 Bxb4+ 12. Bd2 Qxb6 13. Nf3 Bxd2+ 14. Qxd2
Qa6 15. Qe2 O-O 16. Qxa6 Nxa6 17. Kd2 c5 18. Rac1 c4 19. Ne5 f6 20. Nd7 Rfd8
21. Nb6 Rab8 22. Na4 Rb4 23. Nc3 Kf7 24. Rb1 Rdb8 25. Kc2 Rxb1 26. Rxb1 Rxb1
27. Kxb1 Nb4 28. Nd1 Ke7 29. Kb2 Kd6 30. a3 Nd3+ 31. Kc3 Kc6 32. a4 g5 33. g3
g4 34. Kd2 e5 35. Ke2 Nc1+ 36. Kd2 Nb3+ 37. Kc3 Kd6 38. Nb2 Nc1 39. Kd2 Na2 40.
Nd1 Ke6 41. Kc2 Nb4+ 42. Kc3 Kf5 43. Nb2 Na2+ 44. Kc2 Ke4 45. Nd1 Kf3 46. Kb2
Nb4 47. Nc3 Kxf2 48. dxe5 fxe5 49. e4 d4 50. Nd5 Nc6 51. Nb6 c3+ 52. Kc2 Nb4+
53. Kc1 d3 54. Nc4 Na2+ 55. Kb1 c2+ 0-1

[Event "XII C.to Italiano U20"]
[Site "Bratto - Castione della Presolana ITA"]
[Date "2004.08.20"]
[Round "1"]
[White "Finocchiaro, Gianluca"]
[Black "Longo, Aldo"]
[Result "1/2-1/2"]
[WhiteElo "1505"]
[BlackElo "1888"]
[PlyCount "79"]
[EventDate "2004.08.20"]

1. d4 Nf6 2. c4 d6 3. Nc3 g6 4. e4 Bg7 5. f3 O-O 6. Be3 e5 7. d5 Nh5 8. Qd2 f5
9. exf5 gxf5 10. Bg5 Qe8 11. Bh6 Na6 12. Qg5 Kh8 13. Bxg7+ Nxg7 14. a3 Nc5 15.
Nb5 Rf7 16. Nh3 e4 17. O-O-O a6 18. Nd4 Bd7 19. Qh4 Re7 20. Ng5 Nh5 21. g4 fxg4
22. fxg4 Nf4 23. Qh6 Qf8 24. Qxf8+ Rxf8 25. h3 h6 26. Nde6 Bxe6 27. dxe6 Ncd3+
28. Bxd3 Nxd3+ 29. Kb1 Rf2 30. Nxe4 Rf4 31. Rxd3 Rxe4 32. Rf3 R7xe6 33. b3 Kg7
34. Rhf1 Kg6 35. Rf8 Re1+ 36. Rxe1 Rxe1+ 37. Kc2 Re3 38. Rg8+ Kf6 39. h4 Rg3
40. h5 1/2-1/2

[Event "XII C.to Italiano U20"]
[Site "Bratto - Castione della Presolana ITA"]
[Date "2004.08.20"]
[Round "1"]
[White "Frilli, Guido"]
[Black "Giovannini, Stefano"]
[Result "1/2-1/2"]
[WhiteElo "2131"]
[BlackElo "1712"]
[PlyCount "87"]
[EventDate "2004.08.20"]

1. e4 c6 2. d4 d5 3. Nc3 dxe4 4. Nxe4 Nd7 5. Ng5 Ngf6 6. Bd3 e6 7. Qe2 Bd6 8.
N1f3 h6 9. Ne4 Nxe4 10. Qxe4 Nf6 11. Qe2 Qc7 12. Bd2 b6 13. O-O-O Bb7 14. Ne5
O-O-O 15. f4 Rhe8 16. Ba6 Nd5 17. Bxb7+ Kxb7 18. c4 f6 19. cxd5 fxe5 20. fxe5
cxd5+ 21. Kb1 Bf8 22. Rc1 Qd7 23. Rhf1 Rc8 24. Qh5 Qb5 25. Rf7+ Ka6 26. Qf3 Bb4
27. Bxb4 Rxc1+ 28. Kxc1 Qxb4 29. Qd3+ b5 30. Rc7 Re7 31. Rc5 Kb6 32. a3 Qe1+
33. Kc2 a6 34. Qf3 Qh4 35. Kc3 Qe1+ 36. Kc2 Qh4 37. Kd3 Qe1 38. Rc2 a5 39. h3
b4 40. axb4 Qxb4 41. Qf8 Rc7 42. Qb8+ Rb7 43. Qd8+ Ka7 44. Rc5 1/2-1/2

[Event "XII C.to Italiano U20"]
[Site "Bratto - Castione della Presolana ITA"]
[Date "2004.08.20"]
[Round "1"]
[White "Gilardi, Davide"]
[Black "Gatterer, Matthias"]
[Result "0-1"]
[WhiteElo "1440"]
[BlackElo "1844"]
[PlyCount "78"]
[EventDate "2004.08.20"]

1. c4 Nf6 2. Nc3 e6 3. d3 d5 4. cxd5 exd5 5. Bg5 Be7 6. e3 O-O 7. g3 h6 8. Bxf6
Bxf6 9. d4 Re8 10. Bg2 c6 11. Nf3 Nd7 12. O-O Nf8 13. Qc2 Bg4 14. Rfe1 Qd7 15.
a4 a5 16. Na2 h5 17. b4 Bh3 18. bxa5 Rxa5 19. Nc1 Bf5 20. Qd2 Rea8 21. Nb3 R5a7
22. Ra2 Ne6 23. Rea1 c5 24. Ne5 Qd6 25. f4 c4 26. Nc5 Nxc5 27. dxc5 Qxc5 28.
Bxd5 Bxe5 29. fxe5 Be6 30. Bxe6 fxe6 31. Qd4 Ra5 32. Qxc5 Rxc5 33. Rc2 b5 34.
Rca2 b4 35. Rb2 b3 36. Kf2 Rca5 37. Ke2 Rxa4 38. Rxa4 Rxa4 39. Kd2 Ra2 0-1

[Event "XII C.to Italiano U20"]
[Site "Bratto - Castione della Presolana ITA"]
[Date "2004.08.20"]
[Round "1"]
[White "Hellweger, Stefan"]
[Black "Bdair, Bilal"]
[Result "1-0"]
[WhiteElo "1664"]
[BlackElo "2012"]
[PlyCount "91"]
[EventDate "2004.08.20"]

1. e4 c5 2. f4 d5 3. exd5 Nf6 4. c4 e6 5. Nc3 exd5 6. cxd5 Be7 7. Bc4 O-O 8.
Nge2 a6 9. O-O b5 10. Bb3 Bb7 11. a4 c4 12. Bc2 b4 13. Ne4 Qxd5 14. N2g3 Nxe4
15. Nxe4 f5 16. b3 fxe4 17. Bb2 e3 18. Qg4 Bf6 19. Bxf6 Rxf6 20. dxe3 Qe6 21.
Qxe6+ Rxe6 22. Rad1 Rxe3 23. bxc4 Re2 24. Rf2 Rxf2 25. Kxf2 Nc6 26. Rd7 Na5 27.
Bf5 Re8 28. c5 b3 29. Rd6 b2 30. Rb6 Be4 31. Bxe4 Rxe4 32. Kf3 Rxa4 33. Rxb2
Kf7 34. Rb6 Nc4 35. Rb7+ Kf6 36. c6 Nd6 37. Rd7 Nb5 38. g4 Rc4 39. g5+ Kg6 40.
Kg4 h5+ 41. gxh6 Kxh6 42. h4 Rxc6 43. Rd8 Kg6 44. Rf8 Rf6 45. h5+ Kh6 46. Rh8#
1-0

[Event "XII C.to Italiano U20"]
[Site "Bratto - Castione della Presolana ITA"]
[Date "2004.08.20"]
[Round "1"]
[White "Imbraguglia, Fabio"]
[Black "Santacroce, Fidel"]
[Result "1-0"]
[WhiteElo "1988"]
[BlackElo "1661"]
[PlyCount "117"]
[EventDate "2004.08.20"]

1. d4 Nf6 2. c4 g6 3. Nc3 d5 4. Nf3 Bg7 5. Bf4 Nc6 6. e3 Bg4 7. h3 Be6 8. Ng5
h6 9. Nxe6 fxe6 10. Qc2 Kf7 11. Bd3 g5 12. Bg6+ Kg8 13. Bg3 a6 14. cxd5 Nb4 15.
Qb3 Nfxd5 16. Nxd5 Nxd5 17. e4 Bxd4 18. exd5 Qxd5 19. Qxd5 exd5 20. Kd2 Kg7 21.
Bh5 c5 22. Rhe1 Bf6 23. Re6 b5 24. Rae1 Ra7 25. Be5 Rf8 26. Bxf6+ exf6 27. Re7+
Rxe7 28. Rxe7+ Kh8 29. Ra7 d4 30. Rxa6 Rb8 31. Rxf6 c4 32. Rxh6+ Kg7 33. Rd6 d3
34. Rg6+ Kh7 35. Rxg5 b4 36. Rc5 Ra8 37. Rxc4 Rxa2 38. Rxb4 Kh6 39. Bf3 Ra1 40.
Kxd3 Rf1 41. Rb6+ Kg5 42. Ke2 Rb1 43. Rg6+ Kxg6 44. Be4+ Kf6 45. Bxb1 Ke5 46.
b4 Kd6 47. h4 Kc6 48. h5 Kb5 49. h6 Kxb4 50. h7 Kc5 51. h8=Q Kd6 52. Qe8 Kc5
53. Qd7 Kb6 54. Qc8 Kb5 55. Kd3 Kb6 56. Kd4 Kb5 57. Qb7+ Ka5 58. Kc4 Ka4 59.
Qb4# 1-0

[Event "XII C.to Italiano U20"]
[Site "Bratto - Castione della Presolana ITA"]
[Date "2004.08.20"]
[Round "1"]
[White "Kidane, Robel"]
[Black "Perico', Alessandro"]
[Result "1-0"]
[WhiteElo "2081"]
[BlackElo "1685"]
[PlyCount "73"]
[EventDate "2004.08.20"]

1. e4 e6 2. d4 d5 3. Nc3 Bb4 4. e5 c5 5. a3 Bxc3+ 6. bxc3 Nc6 7. Nf3 Nge7 8.
Bd3 Bd7 9. O-O Ng6 10. a4 c4 11. Be2 Qa5 12. Bd2 Nce7 13. h4 Nc8 14. h5 Nge7
15. h6 Nf5 16. hxg7 Nxg7 17. g4 h5 18. Ng5 h4 19. Kg2 Qd8 20. f4 f5 21. exf6
Qxf6 22. Bf3 Nd6 23. Qe2 O-O-O 24. Qe5 Nde8 25. Qxf6 Nxf6 26. Nf7 h3+ 27. Kg3
Ngh5+ 28. gxh5 Rhg8+ 29. Ng5 Rg7 30. Rh1 Rh8 31. Rxh3 e5 32. dxe5 Ne4+ 33. Bxe4
Bxh3 34. Bg6 Bd7 35. Be3 a6 36. e6 Bc6 37. Bd4 1-0

[Event "XII C.to Italiano U20"]
[Site "Bratto - Castione della Presolana ITA"]
[Date "2004.08.20"]
[Round "1"]
[White "Mandolini, Riccardo"]
[Black "Vocaturo, Daniele"]
[Result "0-1"]
[WhiteElo "1799"]
[BlackElo "2221"]
[PlyCount "104"]
[EventDate "2004.08.20"]

1. Nc3 c5 2. e4 Nc6 3. Nf3 g6 4. d4 cxd4 5. Nxd4 Bg7 6. Be3 Nf6 7. Be2 d6 8.
O-O O-O 9. Nxc6 bxc6 10. f4 Qa5 11. Rb1 Rb8 12. h3 Be6 13. a3 Nd7 14. Bd4 Bxd4+
15. Qxd4 Qb6 16. Qxb6 Nxb6 17. b3 f5 18. Bd3 fxe4 19. Bxe4 Rf6 20. Rf3 d5 21.
Bd3 Rbf8 22. Re1 Kf7 23. g4 h6 24. Kh2 Bc8 25. Kg3 Nd7 26. f5 gxf5 27. Bxf5 Nc5
28. Bxc8 Rxf3+ 29. Kxf3 Rxc8 30. Kf4 Kf6 31. h4 e5+ 32. Kg3 e4 33. Ne2 Ne6 34.
Rf1+ Ke7 35. Rf5 Rf8 36. Rxf8 Kxf8 37. c3 c5 38. Nf4 Nc7 39. b4 cxb4 40. axb4
Ke7 41. Kf2 Kd6 42. Ke3 Nb5 43. g5 hxg5 44. hxg5 Ke5 45. Nxd5 Kxd5 46. c4+ Kxc4
47. g6 Nd6 48. Kf4 Ne8 49. Kxe4 Kxb4 50. Ke5 Kc5 51. Ke6 Kd4 52. Kf7 Ke5 0-1

[Event "XII C.to Italiano U20"]
[Site "Bratto - Castione della Presolana ITA"]
[Date "2004.08.20"]
[Round "1"]
[White "Napoli, Nicolo'"]
[Black "Bevilacqua, Andrea"]
[Result "1-0"]
[WhiteElo "2172"]
[BlackElo "1736"]
[PlyCount "55"]
[EventDate "2004.08.20"]

1. e4 e5 2. Nf3 Nf6 3. Nxe5 d6 4. Nf3 Nxe4 5. d4 d5 6. Bd3 Be7 7. c4 c6 8. Nc3
Nxc3 9. bxc3 O-O 10. Qc2 h6 11. Ne5 Nd7 12. f4 Nxe5 13. fxe5 Bh4+ 14. g3 Bg5
15. O-O Bh3 16. Rf2 Rc8 17. Bf4 dxc4 18. Bxc4 b5 19. Bf1 Bxf1 20. Raxf1 a5 21.
Qc1 Bxf4 22. Rxf4 Qd5 23. Rg4 Kh7 24. Qc2+ Kh8 25. Qd2 Kh7 26. Rf6 g6 27. Rh4
h5 28. Rxh5+ 1-0

[Event "XII C.to Italiano U20"]
[Site "Bratto - Castione della Presolana ITA"]
[Date "2004.08.20"]
[Round "1"]
[White "Nizzardo, Mattia"]
[Black "Braschi, Giancarlo"]
[Result "1/2-1/2"]
[WhiteElo "1772"]
[BlackElo "2196"]
[PlyCount "111"]
[EventDate "2004.08.20"]

1. e4 c5 2. f4 Nc6 3. Nf3 g6 4. Bb5 Nd4 5. Be2 Nxe2 6. Qxe2 Bg7 7. c4 e6 8. Nc3
a6 9. d3 Ne7 10. Be3 d6 11. O-O Qc7 12. Kh1 Bd7 13. Rab1 b5 14. e5 d5 15. Bd2
O-O 16. b4 cxb4 17. Rxb4 bxc4 18. Rfb1 cxd3 19. Qxd3 Bc6 20. Nd4 Rfc8 21. Nxc6
Qxc6 22. Rb6 Qc4 23. Qxc4 dxc4 24. Rd6 Nd5 25. Nxd5 exd5 26. Rxd5 c3 27. Be3
Bf8 28. Rc1 c2 29. Rd2 Rc3 30. Bd4 Ba3 31. Rcxc2 Rxc2 32. Rxc2 Rd8 33. Bg1 Rd1
34. h3 Bc1 35. g3 Be3 36. Rg2 Ra1 37. a4 Bc1 38. Rc2 Be3 39. Rg2 Kf8 40. Kh2
Bxg1+ 41. Rxg1 Ra2+ 42. Rg2 Rxa4 43. Rd2 h5 44. Kg2 a5 45. Kh2 Rb4 46. Kg2 Rb6
47. Ra2 Ra6 48. g4 a4 49. Ra3 Ke7 50. Kf3 hxg4+ 51. hxg4 Kd7 52. Ke4 Kc6 53. f5
Kb5 54. e6 gxf5+ 55. gxf5 fxe6 56. f6 1/2-1/2

[Event "XII C.to Italiano U20"]
[Site "Bratto - Castione della Presolana ITA"]
[Date "2004.08.20"]
[Round "1"]
[White "Pace, Pietro Dario"]
[Black "Pomaro, Alberto"]
[Result "1-0"]
[WhiteElo "2133"]
[BlackElo "1727"]
[PlyCount "53"]
[EventDate "2004.08.20"]

1. e4 c5 2. Nf3 d6 3. d4 cxd4 4. Nxd4 Nf6 5. Nc3 g6 6. Bc4 Bg7 7. Bb3 O-O 8. f3
Nbd7 9. Be3 Nc5 10. Qd2 Bd7 11. O-O-O a6 12. Kb1 b5 13. Bh6 Qc7 14. h4 Rfc8 15.
Bxg7 Kxg7 16. h5 Nxb3 17. axb3 Rh8 18. h6+ Kf8 19. Nd5 Nxd5 20. exd5 Qc5 21.
Rhe1 Qxd5 22. Qc3 e5 23. Qc7 exd4 24. Qxd7 Qg5 25. Rxd4 Qxh6 26. Re7 Qg7 27.
Rf4 1-0

[Event "XII C.to Italiano U20"]
[Site "Bratto - Castione della Presolana ITA"]
[Date "2004.08.20"]
[Round "1"]
[White "Pagan, Andrea"]
[Black "Ferrante, Marco"]
[Result "0-1"]
[WhiteElo "1679"]
[BlackElo "2074"]
[PlyCount "108"]
[EventDate "2004.08.20"]

1. d4 d5 2. c4 c6 3. Nf3 Nf6 4. e3 e6 5. Nc3 Nbd7 6. Bd3 dxc4 7. Bxc4 b5 8. Bd3
a6 9. O-O Bb7 10. Ne4 c5 11. Nxc5 Nxc5 12. dxc5 Bxc5 13. b3 O-O 14. Be2 Qb6 15.
Bb2 Ne4 16. Bd4 Rfd8 17. Bxc5 Nxc5 18. Qc2 Be4 19. Qc3 Nd3 20. Nd4 Rac8 21. Qd2
Nxf2 22. Rxf2 e5 23. Rd1 exd4 24. exd4 h6 25. Rf4 f5 26. Qe3 Re8 27. Qg3 Rc2
28. Bf3 Rxa2 29. Bxe4 fxe4 30. Rg4 Re7 31. Rg6 Qb7 32. Rxh6 e3 33. Qg6 Rxg2+
34. Qxg2 Qxg2+ 35. Kxg2 gxh6 36. Kf3 a5 37. Ke2 Re4 38. d5 Kf7 39. d6 Ke8 40.
Rd5 Rb4 41. Rh5 Rxb3 42. Rxh6 a4 43. Rh7 a3 44. Ra7 b4 45. h4 Rb2+ 46. Kxe3 a2
47. h5 b3 48. h6 Rh2 49. h7 Rxh7 50. Rxh7 a1=Q 51. Re7+ Kd8 52. Re4 Qe1+ 53.
Kd3 Qxe4+ 54. Kxe4 b2 0-1

[Event "XII C.to Italiano U20"]
[Site "Bratto - Castione della Presolana ITA"]
[Date "2004.08.20"]
[Round "1"]
[White "Pagan, Nicolo'"]
[Black "Damia, Angelo"]
[Result "0-1"]
[WhiteElo "1709"]
[BlackElo "2129"]
[PlyCount "102"]
[EventDate "2004.08.20"]

1. d4 Nf6 2. c4 g6 3. Nc3 Bg7 4. f3 d6 5. e4 O-O 6. Bd3 e5 7. d5 a5 8. Nge2 Na6
9. Be3 b6 10. O-O Nc5 11. a3 Bd7 12. Bc2 Ne8 13. b4 Nb7 14. Ba4 Bxa4 15. Nxa4
f5 16. c5 bxc5 17. bxc5 Nxc5 18. Bxc5 dxc5 19. Nxc5 Qd6 20. Rc1 Bh6 21. Rc3
Be3+ 22. Rxe3 Qxc5 23. Qc1 Qb6 24. Kh1 fxe4 25. Rxe4 Nf6 26. Rxe5 Rae8 27. Rxe8
Rxe8 28. Nc3 Qe3 29. Rd1 Qxc1 30. Rxc1 Re3 31. Kg1 Rd3 32. a4 Nxd5 33. Nxd5
Rxd5 34. Rc4 c5 35. Kf2 Kf7 36. f4 Ke6 37. Ke3 Kd6 38. g4 Rd1 39. f5 g5 40. Rc2
Ra1 41. Rd2+ Ke5 42. Rc2 Ra3+ 43. Kf2 Kd5 44. Rd2+ Kc6 45. Re2 Rxa4 46. h3 Rf4+
47. Kg3 Rd4 48. Re7 Rd7 49. Re6+ Kb5 50. Kf3 a4 51. f6 a3 0-1

[Event "XII C.to Italiano U20"]
[Site "Bratto - Castione della Presolana ITA"]
[Date "2004.08.20"]
[Round "1"]
[White "Reduzzi, Maurizio"]
[Black "Cantu', Guido"]
[Result "1-0"]
[WhiteElo "2114"]
[BlackElo "1700"]
[PlyCount "51"]
[EventDate "2004.08.20"]

1. d4 Nf6 2. Nf3 e6 3. c4 Bb4+ 4. Bd2 Bxd2+ 5. Nbxd2 O-O 6. g3 b6 7. Bg2 Bb7 8.
O-O Na6 9. Re1 c5 10. e4 d5 11. cxd5 exd5 12. e5 Nd7 13. a3 Rc8 14. Nf1 c4 15.
Rc1 Nc7 16. h4 Ne6 17. Qd2 b5 18. Ne3 Rb8 19. Bh3 Nb6 20. Nf5 Nc8 21. Ng5 Ne7
22. Ne3 Bc8 23. Bxe6 Bxe6 24. Qc2 Ng6 25. f4 h6 26. Nxe6 1-0

[Event "XII C.to Italiano U20"]
[Site "Bratto - Castione della Presolana ITA"]
[Date "2004.08.20"]
[Round "1"]
[White "Reginato, Mauro"]
[Black "Fortino, Fabrizio"]
[Result "1-0"]
[WhiteElo "1574"]
[BlackElo "1931"]
[PlyCount "61"]
[EventDate "2004.08.20"]

1. e4 c6 2. d4 d5 3. e5 Bf5 4. Bd3 Bxd3 5. Qxd3 e6 6. Nf3 Qc7 7. Be3 Nd7 8.
Nbd2 c5 9. c4 cxd4 10. Bxd4 Ne7 11. O-O dxc4 12. Nxc4 Nc6 13. Rac1 Be7 14. Rfd1
O-O 15. Qc3 Rfd8 16. Nd6 Ndxe5 17. Bxe5 Bxd6 18. Bxg7 f5 19. Bh6 Qf7 20. Ng5
Qg6 21. Qh3 Bf4 22. Nxe6 Bxc1 23. Nxd8 Bxh6 24. Qb3+ Kh8 25. Nf7+ Kg7 26. Rd7
Kf8 27. Nxh6 Ne7 28. Rxe7 Kxe7 29. Qxb7+ Kd6 30. Qxa8 Qxh6 31. Qc8 1-0

[Event "XII C.to Italiano U20"]
[Site "Bratto - Castione della Presolana ITA"]
[Date "2004.08.20"]
[Round "1"]
[White "Regorda, Massimiliano"]
[Black "Massironi, Marco"]
[Result "0-1"]
[WhiteElo "1703"]
[BlackElo "2121"]
[PlyCount "50"]
[EventDate "2004.08.20"]

1. Nf3 Nf6 2. d4 g6 3. g3 Bg7 4. Bg2 O-O 5. c4 c6 6. Nc3 d5 7. b3 Ne4 8. Bb2
Nxc3 9. Bxc3 c5 10. O-O dxc4 11. bxc4 Nc6 12. e3 Bg4 13. h3 cxd4 14. exd4 Bxf3
15. Bxf3 Qd7 16. Bg2 Nxd4 17. Bxd4 Bxd4 18. Bxb7 Rad8 19. Rb1 Qxh3 20. Qe2
Qxg3+ 21. Bg2 Qg5 22. Rb5 Qf6 23. Qg4 Rb8 24. a4 a6 25. Rxb8 Rxb8 0-1

[Event "XII C.to Italiano U20"]
[Site "Bratto - Castione della Presolana ITA"]
[Date "2004.08.20"]
[Round "1"]
[White "Rombaldoni, Denis"]
[Black "Vignoli, Matteo"]
[Result "1-0"]
[WhiteElo "2224"]
[BlackElo "1808"]
[PlyCount "47"]
[EventDate "2004.08.20"]

1. d4 Nf6 2. c4 g6 3. Nf3 Bg7 4. Nc3 O-O 5. Bg5 d6 6. e3 c5 7. d5 Na6 8. Be2
Bf5 9. O-O h6 10. Bh4 g5 11. Bg3 Nh5 12. Nxg5 Nxg3 13. fxg3 Bg6 14. Nh3 Qa5 15.
Qd2 Rad8 16. Nf4 Nc7 17. Nxg6 fxg6 18. Qd3 g5 19. Qg6 Rxf1+ 20. Rxf1 Rf8 21.
Rxf8+ Kxf8 22. Bh5 Kg8 23. Qf7+ Kh8 24. Bg6 1-0

[Event "XII C.to Italiano U20"]
[Site "Bratto - Castione della Presolana ITA"]
[Date "2004.08.20"]
[Round "1"]
[White "Ronchetti, Niccolo'"]
[Black "Bonagura, Stefano"]
[Result "1-0"]
[WhiteElo "2216"]
[BlackElo "1784"]
[PlyCount "59"]
[EventDate "2004.08.20"]

1. e4 d6 2. d4 Nf6 3. Nc3 c6 4. g3 g6 5. Bg2 Bg7 6. Nge2 Nbd7 7. O-O e5 8. h3
O-O 9. Be3 Re8 10. g4 h5 11. g5 Nh7 12. d5 c5 13. Qd2 Rb8 14. a4 Nb6 15. b3 f5
16. a5 Na8 17. exf5 Bxf5 18. Ng3 Qd7 19. Kh2 Nc7 20. Rae1 b5 21. axb6 axb6 22.
Qd1 Qf7 23. Nce4 Bf8 24. c4 b5 25. f4 bxc4 26. bxc4 Rb4 27. fxe5 Rxc4 28. e6
Nxe6 29. dxe6 Qxe6 30. Nxc5 1-0

[Event "XII C.to Italiano U20"]
[Site "Bratto - Castione della Presolana ITA"]
[Date "2004.08.20"]
[Round "1"]
[White "Santagati, Alessandro"]
[Black "Forato, Enrico"]
[Result "1/2-1/2"]
[WhiteElo "2176"]
[BlackElo "1739"]
[PlyCount "119"]
[EventDate "2004.08.20"]

1. d4 Nf6 2. c4 g6 3. Nc3 Bg7 4. e4 d6 5. Nf3 O-O 6. Be2 e5 7. O-O exd4 8. Nxd4
Re8 9. Bf3 Nbd7 10. Re1 Ne5 11. Be2 Be6 12. Nxe6 Rxe6 13. f4 Ned7 14. Bf3 Qe7
15. Nd5 Qd8 16. Qc2 c6 17. Nc3 Qc7 18. Be3 Rd8 19. b4 Nb6 20. Qb3 Nxe4 21. Nxe4
Bxa1 22. Rxa1 Rde8 23. c5 dxc5 24. Qc2 f5 25. bxc5 Nc8 26. Qb3 Kf8 27. Qc3 Kg8
28. Qc4 Kf8 29. Qd4 Qg7 30. Qxg7+ Kxg7 31. Bd4+ Kf8 32. Ng5 R6e7 33. Kf2 h6 34.
Nh3 Rd7 35. Be5 Rd2+ 36. Kg3 Rc2 37. Rd1 Rxc5 38. Rd7 Re7 39. Rd8+ Re8 40. Bg7+
Kf7 41. Rxe8 Kxe8 42. Bxh6 Ra5 43. Nf2 Rxa2 44. Nd3 a5 45. Nc5 Nd6 46. Nxb7
Ne4+ 47. Bxe4 fxe4 48. Nd6+ Ke7 49. Nxe4 a4 50. Nc3 Ra3 51. Bg7 Rb3 52. Kg4 a3
53. Kg5 Kf7 54. Be5 Rb2 55. g4 a2 56. Nxa2 Rxa2 57. f5 gxf5 58. Kxf5 c5 59. g5
Rf2+ 60. Ke4 1/2-1/2

[Event "XII C.to Italiano U20"]
[Site "Bratto - Castione della Presolana ITA"]
[Date "2004.08.20"]
[Round "1"]
[White "Seminara, Antonio"]
[Black "Bartolini, Leonardo"]
[Result "1-0"]
[WhiteElo "1937"]
[BlackElo "1574"]
[PlyCount "87"]
[EventDate "2004.08.20"]

1. d4 d5 2. c4 c6 3. Nc3 Nf6 4. Nf3 a6 5. cxd5 cxd5 6. Bf4 b5 7. Rc1 Bb7 8. e3
e6 9. Bd3 Bd6 10. Bxd6 Qxd6 11. O-O O-O 12. Ne5 Rc8 13. f4 Nc6 14. Rf3 Na5 15.
Rh3 g6 16. Qe1 Qd8 17. g4 Ne4 18. Bxe4 dxe4 19. g5 Qf8 20. Ng4 Qg7 21. Nf6+ Kh8
22. Qh4 h5 23. gxh6 Qf8 24. Nd7 Qd8 25. Nb6 Rab8 26. Nxc8 Rxc8 27. Qxd8+ Rxd8
28. Ne2 Nc4 29. b3 Nd6 30. Rc7 Kg8 31. Kf2 Bd5 32. Nc3 Bb7 33. Kg3 Nf5+ 34. Kg4
Bd5 35. Kg5 Nd6 36. Nxd5 exd5 37. Rc6 a5 38. Kf6 Rd7 39. h7+ Kh8 40. Ra6 Ne8+
41. Kg5 Nc7 42. Rb6 Rd8 43. Kf6 Rf8 44. Rb7 1-0

[Event "XII C.to Italiano U20"]
[Site "Bratto - Castione della Presolana ITA"]
[Date "2004.08.20"]
[Round "1"]
[White "Taglione, Stefano"]
[Black "Bonafede, Alessandro"]
[Result "1/2-1/2"]
[WhiteElo "1700"]
[BlackElo "2107"]
[PlyCount "50"]
[EventDate "2004.08.20"]

1. e4 c5 2. Nf3 Nc6 3. d4 cxd4 4. Nxd4 Nf6 5. Nc3 e5 6. Nf3 Bb4 7. Bg5 Bxc3+ 8.
bxc3 Qa5 9. Bd3 Qxc3+ 10. Bd2 Qc5 11. Be3 Qa5+ 12. Bd2 Qc7 13. O-O O-O 14. Bg5
d6 15. Bxf6 gxf6 16. h3 Be6 17. Qd2 Kh8 18. Nh4 Rg8 19. Kh1 Qd7 20. Nf5 Bxf5
21. exf5 Nd4 22. Qh6 Qe7 23. Rab1 e4 24. Qe3 Qe5 25. Qxe4 b6 1/2-1/2

[Event "XII C.to Italiano U20"]
[Site "Bratto - Castione della Presolana ITA"]
[Date "2004.08.20"]
[Round "1"]
[White "Valsecchi, Alessio"]
[Black "Bove, Alessandro"]
[Result "0-1"]
[WhiteElo "1739"]
[BlackElo "2175"]
[PlyCount "46"]
[EventDate "2004.08.20"]

1. e4 e5 2. Nf3 Nc6 3. Bb5 a6 4. Ba4 Nf6 5. O-O b5 6. Bb3 Bb7 7. Re1 Bc5 8. c3
d6 9. d4 Bb6 10. d5 Ne7 11. Bg5 Ng6 12. Nh4 Nxh4 13. Bxh4 h6 14. a4 g5 15. Bg3
h5 16. h4 Ng4 17. Rf1 gxh4 18. Bh2 Rg8 19. Qd3 Qg5 20. Qf3 Bc8 21. axb5 Nxh2
22. Kxh2 Bg4 23. Qd3 Be2 0-1

[Event "XII C.to Italiano U20"]
[Site "Bratto - Castione della Presolana ITA"]
[Date "2004.08.20"]
[Round "1"]
[White "Xia, Jie"]
[Black "Rostolis, Riccardo"]
[Result "0-1"]
[WhiteElo "2126"]
[BlackElo "1709"]
[PlyCount "90"]
[EventDate "2004.08.20"]

1. d4 Nf6 2. Nf3 g6 3. g3 Bg7 4. Bg2 O-O 5. O-O d6 6. c4 Nbd7 7. Nc3 e5 8. dxe5
dxe5 9. Qc2 Ne8 10. Rb1 f5 11. Ng5 Ndf6 12. Rd1 Qe7 13. Nd5 Nxd5 14. Bxd5+ Kh8
15. Qb3 c6 16. Nf7+ Rxf7 17. Bxf7 Qxf7 18. Rd8 Bf6 19. Rd1 Be6 20. Qa4 Bxc4 21.
b3 Bxe2 22. Rd2 Bb5 23. Qb4 Nc7 24. a4 Ba6 25. Bb2 Nd5 26. Qc5 e4 27. Bxf6+
Qxf6 28. b4 Bd3 29. Rc1 Qf8 30. Qd4+ Qg7 31. Qc5 Kg8 32. b5 Qd7 33. bxc6 bxc6
34. Rb2 Rc8 35. a5 a6 36. Qd4 Qc7 37. Qc5 Qe7 38. Qd4 Qg5 39. Qxd5+ cxd5 40.
Rxc8+ Kf7 41. Rb7+ Kf6 42. Rxh7 Qd2 43. Kg2 Qd1 44. Rf8+ Ke5 45. f4+ Kd4 0-1